Productons, accessibility, marketing and consumption patterns of freshwater aquacultuer products in Asia A cross-country comparison

Na minha lista:
Detalhes bibliográficos
Formato: Livro
Idioma:Undetermined
Publicado em: Rome, Italy FAO 2001
Assuntos:
Tags: Adicionar Tag
Sem tags, seja o primeiro a adicionar uma tag!
Thư viện lưu trữ: Trung tâm Học liệu Trường Đại học Cần Thơ
LEADER 00494nam a2200157Ia 4500
001 CTU_49756
008 210402s9999 xx 000 0 und d
082 |a 382.4139 
082 |b P964 
245 0 |a Productons, accessibility, marketing and consumption patterns of freshwater aquacultuer products in Asia 
245 2 |b A cross-country comparison 
260 |a Rome, Italy 
260 |b FAO 
260 |c 2001 
650 |a fishery policy 
980 |a Trung tâm Học liệu Trường Đại học Cần Thơ